000 00605nam a2200193Ia 4500
003 OSt
005 20251106151553.0
008 220926b |||||||| |||| 00| 0 eng d
037 _cReference
040 _aRTL
_cRTL
_beng
041 _2eng
_aeng
084 _aX:3m24xM18 M3/SC
_qRTL
100 _aMattick, Paul
_9370976
245 0 _aMarxism: Last refuge of the bourgeoisie?
260 _aNew
_bYork M. E. Sharpe Inc.
_c1983
300 _axii, 321p.
_bIncludes bibliographical reference and index
942 _hX:3M24xM18 M3/SC
_cREF
_2CC
_n0
999 _c691225
_d691225